000 008930000a22002410004500
001 140
003 CO-MdFUSB
005 20160531112548.0
008 160531t1944 us abcdf |||| 00| 0 eng d
040 _aCO-MdFUSB
_bEspaƱol
_cCO-MdFUSB
_dCO-MdFUSB
041 0 _aeng
082 0 4 _aR 220.91 B8821g
100 1 _aBrowne, Lewis (1897-1949)
245 1 0 _aThe graphic Bible
_b : From genesis to Revelation in animated maps & charts
_c / Lewis Browne
264 _aNew York
_b: MacMillan,
_c1944
300 _a160 Pag.
336 _2rdacontent
_a1
_ba1
337 _2rdamedia
_a2
_b5
338 _2rdacarrier
_a2
_b5
505 _a1. By way of introduction 2. The Jewish Scriptures 3. A Chrinology of bible history 4. Summary of the book of the Jewish Scriptures 5. Summary of the books of the Christian Scriptures 6. Index to text and maps
653 _aBIBLIA
_a - HISTORIA SAGRADA
942 _cBK
999 _c31680
_d31680